<?xml version="1.0" encoding="UTF-8"?>
<collection xmlns:xsi="http://www.w3.org/2001/XMLSchema-instance" xsi:schemaLocation="http://www.loc.gov/MARC21/slim http://www.loc.gov/standards/marcxml/schema/MARC21slim.xsd" xmlns="http://www.loc.gov/MARC21/slim">
 <record>
  <leader>00000cmm a22000004a 4500</leader>
  <controlfield tag="001">UP-99796217611212167</controlfield>
  <controlfield tag="003">Buklod</controlfield>
  <controlfield tag="005">20140424091026.0</controlfield>
  <controlfield tag="006">m    go  j        </controlfield>
  <controlfield tag="007">cr |n |||auu|a</controlfield>
  <controlfield tag="008">100927s2011    xxu        u |      eng d</controlfield>
  <datafield tag="020" ind1=" " ind2=" ">
   <subfield code="a">9781441969934 (eBook)</subfield>
  </datafield>
  <datafield tag="020" ind1=" " ind2=" ">
   <subfield code="a">1441969934 (eBook)</subfield>
  </datafield>
  <datafield tag="035" ind1=" " ind2=" ">
   <subfield code="a">(iLib)UPD-00214608343</subfield>
  </datafield>
  <datafield tag="040" ind1=" " ind2=" ">
   <subfield code="a">DLC</subfield>
   <subfield code="d">DML</subfield>
  </datafield>
  <datafield tag="041" ind1="0" ind2=" ">
   <subfield code="a">eng</subfield>
  </datafield>
  <datafield tag="042" ind1=" " ind2=" ">
   <subfield code="a">DMLUC</subfield>
  </datafield>
  <datafield tag="084" ind1=" " ind2=" ">
   <subfield code="a">TK 7870</subfield>
   <subfield code="b">S64 2011eb</subfield>
  </datafield>
  <datafield tag="245" ind1="0" ind2="0">
   <subfield code="a">Soft errors in modern electronic systems</subfield>
   <subfield code="h">[electronic resource]</subfield>
   <subfield code="c">by Michael Nicolaidis, editor.</subfield>
  </datafield>
  <datafield tag="264" ind1=" " ind2="1">
   <subfield code="a">Boston, MA</subfield>
   <subfield code="b">Springer</subfield>
   <subfield code="c">2011.</subfield>
  </datafield>
  <datafield tag="300" ind1=" " ind2=" ">
   <subfield code="a">1 online resource (xviii, 316 p.)</subfield>
   <subfield code="b">ill. (some col.)</subfield>
  </datafield>
  <datafield tag="490" ind1="0" ind2=" ">
   <subfield code="a">Frontiers in electronic testing</subfield>
   <subfield code="v">41</subfield>
  </datafield>
  <datafield tag="505" ind1="0" ind2=" ">
   <subfield code="a">Soft Errors from Space to Ground: Historical Overview, Empirical Evidence, and Future Trends -- Radiation Induced Single-Event Effects: Physical Mechanisms and Classification -- JEDEC Standard on Measurement and Reporting of Alpha Particles and Terrestrial Cosmic Ray-Induced Soft Errors -- Cell-Level Modelling and Simulation -- Circuit and System Level Modelling and Simulation -- Hardware Fault Injection -- Accelerated Radiation Testing for Space Applications -- Testing for Ground-Level Applications -- Soft Error Mitigation Techniques -- Convergence of Mitigation Techniques for Soft Errors and Other Reliability Issues and Power Aware Mitigation Techniques -- Software Level Soft-Error Mitigation Techniques -- System Level Soft-Error Mitigation Techniques.</subfield>
  </datafield>
  <datafield tag="506" ind1=" " ind2=" ">
   <subfield code="a">IP-based subscription, access limited to within on campus computer network.</subfield>
   <subfield code="c">Access via Electronic Resources  of the UPD University Library Website.</subfield>
  </datafield>
  <datafield tag="520" ind1=" " ind2=" ">
   <subfield code="a">Soft Errors in Modern Electronic Systems describes the state-of-the-art developments and open issues in the field of soft errors. This work not only highlights a comprehensive presentation of soft errors related issues and challenges but also presents the most efficient solutions, methodologies and tools. The eleven chapters written by highly qualified experts provide a comprehensive description of the complex chain of the physical processes leading to the occurrence of soft errors, as well as of the numerous techniques and tools enabling the SER qualification of electronic systems during the design phase and after production, including: nuclear reactions of cosmic rays with the atmosphere (neutron and proton generation at ground level); nuclear reactions of atmospheric neutrons and protons with die atoms (secondary particles generation); coulomb interaction (ionization); device physics (charge collection); electrical simulation; event driven simulation; logic domain simulation; RTL simulation; hardware emulation, and radiation testing. The book also provides a comprehensive description of various hardware and software techniques enabling soft-error mitigation at moderate cost. Soft Errors in Modern Electronic Systems is a useful book for circuit and system designers, researchers, students and professors.</subfield>
  </datafield>
  <datafield tag="533" ind1=" " ind2=" ">
   <subfield code="a">Electronic reproduction.</subfield>
   <subfield code="b">New York</subfield>
   <subfield code="c">SpringerLink</subfield>
   <subfield code="d">2011.</subfield>
   <subfield code="n">Available via World Wide Web through SpringerLink.</subfield>
  </datafield>
  <datafield tag="650" ind1=" " ind2="0">
   <subfield code="a">Electronic systems.</subfield>
  </datafield>
  <datafield tag="650" ind1=" " ind2="0">
   <subfield code="a">Soft errors (Computer science).</subfield>
  </datafield>
  <datafield tag="650" ind1=" " ind2="0">
   <subfield code="a">Electronic books.</subfield>
  </datafield>
  <datafield tag="700" ind1="1" ind2=" ">
   <subfield code="a">Nicolaidis, Michael.</subfield>
  </datafield>
  <datafield tag="710" ind1="2" ind2=" ">
   <subfield code="a">SpringerLink (Online service).</subfield>
  </datafield>
  <datafield tag="856" ind1="4" ind2="0">
   <subfield code="y">Available for University of the Philippines Diliman via SpringerLink. Click here to access</subfield>
   <subfield code="u">http://link.springer.com/book/10.1007/978-1-4419-6993-4</subfield>
  </datafield>
  <datafield tag="905" ind1=" " ind2=" ">
   <subfield code="a">FO</subfield>
  </datafield>
  <datafield tag="950" ind1=" " ind2=" ">
   <subfield code="a">Monograph</subfield>
  </datafield>
  <datafield tag="852" ind1="0" ind2=" ">
   <subfield code="a">UPD</subfield>
   <subfield code="b">DMLR</subfield>
  </datafield>
  <datafield tag="942" ind1=" " ind2=" ">
   <subfield code="a">Electronic Resource</subfield>
  </datafield>
 </record>
</collection>
